Grammatical categories of tense and aspect in English compared to Chinese and Japanese; Лингвистические и культурологические традиции и инновации

Dettagli Bibliografici
Parent link:Лингвистические и культурологические традиции и инновации.— 2014.— [С. 140-145]
Autore principale: Tokmashev D. M. Denis Mikhailovich
Ente Autore: Национальный исследовательский Томский политехнический университет
Altri autori: Tokmasheva D.
Riassunto:Заглавие с титульного экрана
Lingua:inglese
Pubblicazione: 2014
Serie:Лингвистические и культурологические традиции и инновации: актуальные вопросы современной лингвистики и образования
Soggetti:
Accesso online:http://earchive.tpu.ru/handle/11683/20686
http://www.lib.tpu.ru/fulltext/c/2014/C85/V1/034.pdf
Natura: MixedMaterials Elettronico Capitolo di libro
KOHA link:https://koha.lib.tpu.ru/cgi-bin/koha/opac-detail.pl?biblionumber=611657

MARC

LEADER 00000naa2a2200000 4500
001 611657
005 20250522150027.0
035 |a (RuTPU)RU\TPU\conf\9469 
035 |a RU\TPU\conf\9466 
090 |a 611657 
100 |a 20150408d2014 k y0rusy50 ba 
101 0 |a eng 
102 |a RU 
105 |a y z 101zy 
135 |a drgn ---uucaa 
181 0 |a i  
182 0 |a b 
200 1 |a Grammatical categories of tense and aspect in English compared to Chinese and Japanese  |f D. M. Tokmashev, D. Tokmasheva 
203 |a Текст  |c электронный 
225 1 |a Лингвистические и культурологические традиции и инновации: актуальные вопросы современной лингвистики и образования 
300 |a Заглавие с титульного экрана 
320 |a [Библиогр.: с. 145 (3 назв.)] 
337 |a Adobe Reader 
463 0 |0 (RuTPU)RU\TPU\conf\9447  |t Лингвистические и культурологические традиции и инновации  |o сборник материаов XIV Международной научно-практической конференции, Томск, 12-15 ноября 2014 г.  |f Национальный исследовательский Томский политехнический университет (ТПУ) ; ред. кол. Ю. В. Кобенко [и др.]  |v [С. 140-145]  |d 2014 
610 1 |a труды учёных ТПУ 
610 1 |a электронный ресурс 
610 1 |a английский язык 
610 1 |a китайский язык 
610 1 |a японский язык 
610 1 |a грамматические категории 
610 1 |a лингвистика 
610 1 |a грамматика 
700 1 |a Tokmashev  |b D. M.  |c linguist  |c Associate Professor of Tomsk Polytechnic University, Candidate of philological sciences  |f 1979-  |g Denis Mikhailovich  |3 (RuTPU)RU\TPU\pers\32890 
701 1 |a Tokmasheva  |b D. 
712 0 2 |a Национальный исследовательский Томский политехнический университет  |c (2009- )  |9 26305 
801 2 |a RU  |b 63413507  |c 20220228  |g RCR 
850 |a 63413507 
856 4 |u http://earchive.tpu.ru/handle/11683/20686 
856 4 |u http://www.lib.tpu.ru/fulltext/c/2014/C85/V1/034.pdf 
942 |c BK